Pacient pod dohľadom AI
Nemocnice na Slovensku začali pri liečbe rakoviny používať umelú inteligenciu. Ide o európsky primát. IBM Watson for oncology je prvou medicínskou aplikáciou, ktorá využíva umelú inteligenciu - dokáže sa učiť, hľadať súvislosti medzi získanými informáciami a znovu ich uplatniť v inom kontexte. Umelá...
Salvato in:
| Autore principale: | |
|---|---|
| Natura: | Capitolo di libro |
| Lingua: | slovacco |
| Soggetti: | |
| Tags: |
Nessun Tag, puoi essere il primo ad aggiungerne!!
|
MARC
| LEADER | 00000naa a2200000 4500 | ||
|---|---|---|---|
| 001 | 0229216 | ||
| 005 | 20230313094429.0 | ||
| 041 | 0 | |a slo | |
| 044 | |a SK | ||
| 245 | 1 | 0 | |a Pacient pod dohľadom AI |c Ľuboš Jurina |
| 520 | |a Nemocnice na Slovensku začali pri liečbe rakoviny používať umelú inteligenciu. Ide o európsky primát. IBM Watson for oncology je prvou medicínskou aplikáciou, ktorá využíva umelú inteligenciu - dokáže sa učiť, hľadať súvislosti medzi získanými informáciami a znovu ich uplatniť v inom kontexte. Umelá intelitgencia dokáže informácie vytriediť za pár sekúnd a poskytnúť lekárovi len tie, ktoré sú relevantné pre daný prípad. Systém je nasadený v desiatich nemocniciach siete Svet zdravia. Otvára tiež cestu k personalizovanej medicíne. | ||
| 610 | 2 | 0 | |a zdravotníctvo |
| 610 | 2 | 0 | |a pacienti |
| 610 | 2 | 0 | |a medicína |
| 610 | 2 | 0 | |a inteligencia umelá |
| 610 | 2 | 0 | |a softvér |
| 100 | 1 | |a Jurina, Ľuboš | |